Word Ladder: Careful Sailing (3 in 1) Quiz Stats

 Plays Quiz Updated Jul 26, 2018

Also try: Word Ladder: Mast
Challenge
Share
Tweet
Embed
Score 0/18 Timer 02:30
0 Plays Today
Clue Word % Correct
Ladder 2LICK
95.9%
Ladder 2LIKE
95.9%
Ladder 2LICE
95.6%
Ladder 1DINE
94.5%
Ladder 2LACK
94.1%
Ladder 3BOAT
94%
Ladder 3BEAT
92.9%
Ladder 3BEAD
92.9%
Ladder 2ROCK
92.6%
Clue Word % Correct
Ladder 3BEND
92.4%
Ladder 2RACK
91.1%
Ladder 3BIND
90.6%
Ladder 3WIND
90.4%
Ladder 1RIDE
83.2%
Ladder 1DON'T
83.2%
Ladder 1BIDE
80.8%
Ladder 1DINT
78.3%
Ladder 1BINE
77.4%

Today's Daily Dose

Missing Word
Top 10 Artists

Word Ladder
'70s Song II

On This Day
October 20th II

You're not logged in!

Compare scores with friends on all Sporcle quizzes.
Join for Free
OR
Log In

You Might Also Like...

Show Comments

Extras

Top Quizzes Today


Score Distribution

Your Account Isn't Verified!

In order to create a playlist on Sporcle, you need to verify the email address you used during registration. Go to your Sporcle Settings to finish the process.

Report this User

Report this user for behavior that violates our Community Guidelines.

Details: